| Tag |
First Indicator |
Second Indicator |
Subfields |
| LEADER |
00000cam a22000001 4500 |
| 001 |
in00000030531 |
| 005 |
20151007061630.0 |
| 008 |
731212s1967 nbu 00010 eng |
| 010 |
|
|
|a 66019268
|
| 035 |
|
|
|a (OCoLC)00366905
|
| 035 |
|
|
|9 AAD2627AM
|
| 040 |
|
|
|a DLC
|c DLC
|d TXA
|d UtOrBLW
|
| 049 |
|
|
|a TXAM
|c [475746]
|
| 050 |
0 |
0 |
|a PR6039.H52
|b Z49
|
| 082 |
0 |
|
|a 821/.9/12
|
| 092 |
|
|
|a 821
|b T455co
|
| 100 |
1 |
|
|a Williams, Robert Coleman.
|
| 245 |
1 |
2 |
|a A concordance to the Collected poems of Dylan Thomas /
|c edited by Robert Coleman Williams.
|
| 264 |
|
1 |
|a Lincoln :
|b University of Nebraska Press,
|c [1967]
|
| 300 |
|
|
|a xiii, 579 pages ;
|c 26 cm.
|
| 336 |
|
|
|a text
|b txt
|2 rdacontent
|
| 337 |
|
|
|a unmediated
|b n
|2 rdamedia
|
| 338 |
|
|
|a volume
|b nc
|2 rdacarrier
|
| 500 |
|
|
|a Page and line references are to the 1952 London edition and the 1953 American edition of the Collected poems of Dylan Thomas.
|
| 600 |
1 |
0 |
|a Thomas, Dylan,
|d 1914-1953
|x Concordances.
|
| 700 |
1 |
|
|a Thomas, Dylan,
|d 1914-1953.
|t Poems.
|
| 999 |
|
|
|a MARS
|
| 999 |
f |
f |
|s da02e824-84f0-3b0e-8961-50e705f7821b
|i 70473794-477a-37da-9792-ce228cd26aff
|t 0
|
| 952 |
f |
f |
|p ric
|a Texas A&M University
|b Rellis Campus
|c Joint Library Facility
|d Remote Storage
|t 0
|e PR6039.H52 Z49
|h Library of Congress classification
|i unmediated -- volume
|m A14801287490
|
| 998 |
f |
f |
|a PR6039.H52 Z49
|t 0
|l Remote Storage
|